000 00597nam a2200241Ia 4500
003 OSt
005 20220916111033.0
006 a|||||r|||| 00| 0
007 ta
008 220915b |||||||| |||| 00| 0 eng d
024 _a125088
037 _cTextbook
040 _beng
_aARTS
_cARTS
041 _aeng
082 _aV677:1:N5, K1;1
100 _aBehr Edward
245 0 _aAlgerian problem
260 _aLondon
_bHodder and Stoughton UK
300 _a254p
_ccm.
650 _aHISTORY
942 _hV677:1:N5, K1;1
_cTB
_2CC
999 _c104159
_d104159